000 00764nam a2200253Ia 4500
003 OSt
005 20220923215112.0
006 a|||||r|||| 00| 0
007 ta
008 220922b |||||||| |||| 00| 0 hin d
024 _a175,590
037 _cTextual
040 _aARTS
_cARTS
_bhin
041 _2hin
_ahin
082 _aO152,1wN1, K2
100 _aकैलाश
245 0 _aसाहित्य साधिकाएं
246 _aSāhitya sādhikāean
260 _aजबलपुर
_b लोक चेतना प्रकाशन
_c1962
300 _a139 पृ.
_ccm.
650 _aहिन्दी साहित्य
_9156264
942 _hO152,1wN1, K2
_cTEXL
_2CC
999 _c329294
_d329294